000 01178cam a2200133 4500500
005 20251214002025.0
041 _afre
042 _adc
100 1 0 _aLibourel, Éloïse
_eauthor
245 0 0 _aGéographie de la France
260 _bArmand Colin,
_c2023.
520 _aLa géographie de la France évolue rapidement et son approche est sans cesse renouvelée. L’objectif de cet ouvrage est de saisir l’ensemble de ces évolutions et d’acquérir les connaissances nécessaires pour comprendre les principales problématiques actuelles. Il s’organise en trois temps forts : INTRODUCTION : questions essentielles, objectifs de connaissance par chapitre, lectures indispensables et notions clés à maîtriser. COURS : savoirs fondamentaux assortis d’exemples localisés, de définitions et de focus thématiques, d’une page d’entraînement et d’une étude de cas mobilisant des documents géographiques. MÉTHODES : méthodologie détaillée de chaque type d’exercice, avec une application commentée en lien avec un chapitre du cours.
856 4 1 _uhttps://shs.cairn.info/geographie-de-la-france--9782200636364?lang=fr&redirect-ssocas=7080
999 _c1566698
_d1566698